<?xml version="1.0" encoding="UTF-8"?>
<record
    xmlns:xsi="http://www.w3.org/2001/XMLSchema-instance"
    xsi:schemaLocation="http://www.loc.gov/MARC21/slim http://www.loc.gov/standards/marcxml/schema/MARC21slim.xsd"
    xmlns="http://www.loc.gov/MARC21/slim">

  <leader>004080000a22001210004500</leader>
  <datafield tag="090" ind1=" " ind2=" ">
    <subfield code="a">As</subfield>
    <subfield code="b">Seriadas</subfield>
  </datafield>
  <datafield tag="245" ind1="1" ind2="0">
    <subfield code="a">Nueva especie de Anastrepha schiner, 1868 (Diptera: Tephritidae) de Colombia</subfield>
  </datafield>
  <datafield tag="041" ind1="0" ind2=" ">
    <subfield code="a">Espa&#xF1;ol</subfield>
  </datafield>
  <datafield tag="700" ind1="1" ind2=" ">
    <subfield code="a">Gonz&#xE1;lez, Ranulfo</subfield>
    <subfield code="9">92392</subfield>
  </datafield>
  <datafield tag="100" ind1="1" ind2=" ">
    <subfield code="a">Carrejo, Nancy S.</subfield>
    <subfield code="9">99964</subfield>
  </datafield>
  <datafield tag="942" ind1=" " ind2=" ">
    <subfield code="c">ARTICULO</subfield>
  </datafield>
  <datafield tag="773" ind1="1" ind2=" ">
    <subfield code="t">Bolet&#xED;n del Museo de Entomolog&#xED;a de la Universidad del Valle</subfield>
    <subfield code="h">2</subfield>
    <subfield code="q">47-53</subfield>
    <subfield code="d">1993</subfield>
    <subfield code="g">1</subfield>
  </datafield>
  <datafield tag="999" ind1=" " ind2=" ">
    <subfield code="c">15738</subfield>
    <subfield code="d">15738</subfield>
  </datafield>
</record>
